NBA runners up - Statistics

General Stats
  • This quiz has been taken 2,364 times
  • The average score is 20 of 66
Answer Stats
Year Team % Correct
2015 Cavaliers
95%
2014 Heat
95%
2013 Spurs
93%
2011 Heat
84%
2012 Thunder
82%
2010 Celtics
78%
2008 Lakers
68%
2009 Magic
61%
2007 Cavaliers
55%
2004 Lakers
55%
2006 Mavericks
53%
2005 Pistons
48%
1998 Jazz
47%
1997 Jazz
46%
2001 76ers
44%
2003 Nets
43%
2002 Nets
41%
1991 Lakers
37%
1995 Magic
37%
2000 Pacers
37%
1999 Knicks
36%
1994 Knicks
36%
1996 SuperSonics
36%
1989 Lakers
35%
1993 Suns
35%
1987 Celtics
31%
1992 Trail Blazers
30%
1985 Celtics
29%
1984 Lakers
28%
1983 Lakers
27%
1988 Pistons
26%
1990 Trail Blazers
24%
1986 Rockets
22%
1982 76ers
20%
1968 Lakers
18%
1965 Lakers
18%
1963 Lakers
18%
1970 Lakers
17%
1969 Lakers
17%
1966 Lakers
17%
1962 Lakers
17%
1980 76ers
16%
1959 Lakers
15%
1981 Rockets
15%
1973 Lakers
14%
1979 Bullets
12%
1958 Celtics
12%
1972 Knicks
12%
1977 76ers
11%
1967 Warriors
11%
1964 Warriors
11%
1978 SuperSonics
10%
1974 Bucks
9%
1975 Bullets
9%
1961 Hawks
9%
1960 Hawks
9%
1976 Suns
9%
1971 Bullets
8%
1957 Hawks
8%
1953 Knicks
6%
1952 Knicks
6%
1951 Knicks
5%
1954 Nationals
5%
1956 Pistons
5%
1955 Pistons
5%
1950 Nationals
4%
No matching quizzes found
Score Distribution
Percent of People with Each Score
Percentile by Number Answered
Your Score History
You have not taken this quiz